000 00803nam a22002417a 4500
003 IT-RoINE
005 20190912121028.0
008 170707s2017 fr |||||r|||| 00| | fre d
020 _a9782711627554
040 _aIT-RoINE
100 1 _aBourgeois, Bernard,
_d1929-
_936539
245 1 0 _aPenser l'histoire du présent avec Hegel /
_cBernard Bourgeois.
260 _aParis :
_bJ. Vin,
_c2017.
300 _a138 p. ;
_c18 cm.
336 _2rdacontent
_atext
337 _2rdamedia
_aunmediated
338 _2rdacarrier
_avolume
490 1 _aBibliothèque d'histoire de la philosophie
600 1 4 _920895
_aHegel, Georg Wilhelm Friedrich,
_d1770-1831
_xCrítica e interpretación
650 4 _97402
_aHistoria
_xFilosofía
830 0 _aBibliothèque d'histoire de la philosophie
_936540
942 _cMTS
999 _c18337
_d18337